Technologie pro e-vzdělávání 2006: Sborník semináře. Praha, ČR, 12.6.2006
Guardado en:
| Otros Autores: | , , |
|---|---|
| Formato: | Libro |
| Lenguaje: | checo eslovaco |
| Publicado: |
České vysoké učení technické v Praze,
2006
|
| Materias: | |
| Etiquetas: |
Sin Etiquetas, Sea el primero en etiquetar este registro!
|
MARC
| LEADER | 00000nam a22000003a 4500 | ||
|---|---|---|---|
| 001 | stu121179 | ||
| 005 | 20221207095909.8 | ||
| 008 | 060619s2006----xr------------------cze-d | ||
| 020 | |a 80-01-03512-3 | ||
| 040 | |a STU |b slo | ||
| 041 | 0 | |a cze |a slo | |
| 044 | |a xr | ||
| 100 | 1 | |a Bieliková, Mária, |d 1966- |4 edt |u I200 |9 34 |U FIIT Fakulta informatiky a informačných technológií |T FIIT Ústav informatiky a softvérového inžinierstva |X 1871 |U I200 |Y 179 |7 A000001871 | |
| 245 | 1 | |a Technologie pro e-vzdělávání 2006: Sborník semináře. Praha, ČR, 12.6.2006 | |
| 260 | |b České vysoké učení technické v Praze, |c 2006 | ||
| 300 | |a 74 s | ||
| 650 | 7 | |a zborníky z konferencie |2 stusub | |
| 650 | 7 | |a e-vzdelávanie |2 stusub | |
| 650 | 7 | |a conference proceedings |2 estusub | |
| 650 | 7 | |a e-learning |2 estusub | |
| 700 | 1 | |a Mannová, Božena |4 edt |9 33 | |
| 700 | 1 | |a Šaloun, Petr |4 edt |9 33 | |
| 996 | |c I*Z7400 |l I |s A |a 24 |w stu121179_0001 | ||